000 00456nam a22001577a 4500
005 20251108164256.0
008 250721s1986 xx 000 0 ara d
082 1 4 _a352/احم
100 1 _aالمصري، أحمد محمد
245 1 0 _aالإدارة المحلية /
264 1 _aالإسكندرية :
_bمؤسسة شباب الجامعة،
_c1986.
300 _a214ص
650 1 7 _aالإدارة العامة
942 _2ddc
_cBK
999 _c8102
_d8102